|
|
|
|
| LEADER |
01285nam a22003494a 4500 |
| 001 |
39135 |
| 003 |
BD-DhAAL |
| 005 |
20220724140017.0 |
| 008 |
220724t2004 ii b 001 0 eng |
| 999 |
|
|
|c 44623
|d 44623
|
| 010 |
|
|
|a 2005312851
|
| 020 |
|
|
|a 0670058173
|
| 020 |
|
|
|a 9790670058173
|
| 025 |
|
|
|a I-E-2005-312851; 63-91
|
| 035 |
|
|
|a (DLC) 2005312851
|
| 037 |
|
|
|b Library of Congress -- New Delhi Overseas Office
|c Rs425.00
|
| 040 |
|
|
|a DLC
|c DLC
|d DLC
|d BD-DhAAL
|
| 042 |
|
|
|a lcode
|
| 043 |
|
|
|a a-ii---
|
| 050 |
0 |
0 |
|a BL2765.I5
|b A34 2004
|
| 082 |
|
|
|a 211.60954
|2 23
|
| 100 |
1 |
|
|a Aiyar, Mani Shankar,
|d 1941-
|9 50160
|
| 245 |
1 |
0 |
|a Confessions of a secular fundamentalist /
|c Mani Shankar Aiyar.
|
| 260 |
|
|
|a New Delhi ;
|a New York :
|b Viking,
|c c2004.
|
| 300 |
|
|
|a xix, 290 pages ;
|c 20 cm.
|
| 504 |
|
|
|a Includes bibliographical references (pages [279]-282) and index.
|
| 541 |
|
|
|a Donated By Akbar Ali Khan
|e 39135
|
| 650 |
|
0 |
|a Secularism
|z India.
|9 50161
|
| 650 |
|
0 |
|a Religion and state
|z India.
|9 50162
|
| 852 |
|
|
|a Ayesha Abed Library
|c Akbar Ali Khan Collection
|
| 942 |
|
|
|2 ddc
|c BK
|
| 952 |
|
|
|0 0
|1 0
|2 ddc
|4 0
|6 211_609540000000000_AIY
|7 1
|9 71321
|a BRACUL
|b BRACUL
|c AAKC
|d 2022-07-24
|e Donated by Akbar Ali Khan
|l 0
|o 211.60954 AIY
|p 3010039135
|r 2022-07-24
|t 1
|w 2022-07-24
|y BK
|